Gramática, semántica, universales
Salvato in:
| Autore principale: | |
|---|---|
| Natura: | Libro |
| Lingua: | spagnolo |
| Pubblicazione: |
Madrid
Gredos
1978
|
| Serie: | Biblioteca Románica Hispánica II. Estudios y Ensayos, 280
|
| Soggetti: | |
| Tags: |
Aggiungi Tag
Nessun Tag, puoi essere il primo ad aggiungerne!!
|
MARC
| LEADER | 00000nam a2200000 a 4500 | ||
|---|---|---|---|
| 001 | UCI0095 | ||
| 003 | CL-VaPUC | ||
| 008 | 070420e19780000SP |||||||||||||||||spa|d | ||
| 020 | |a 8424907744 | ||
| 082 | 0 | 4 | |a 410 |b COS |2 21 |
| 100 | 0 | |a Coseriu, Eugenio |e author |9 471737 | |
| 245 | 1 | 0 | |a Gramática, semántica, universales |
| 300 | |a 264 p | ||
| 942 | |c BK | ||
| 945 | |d 20070420 00:00:00 |a jtorresc | ||
| 260 | |a Madrid |b Gredos |c 1978 | ||
| 650 | 0 | |a Lingüística |9 265068 | |
| 650 | 7 | |a LINGUISTICA FUNCIONAL |2 CL-VaPUC |9 518745 | |
| 650 | 7 | |a LINGUISTICA DESCRIPTIVA |2 CL-VaPUC |9 520195 | |
| 650 | 0 | |a Gramática |9 270497 | |
| 650 | 0 | |a Semántica |9 265318 | |
| 583 | |a last modification |c 20130304 02:38:45 |k Rodrigo Vera | ||
| 490 | 0 | |a Biblioteca Románica Hispánica II. Estudios y Ensayos, 280 | |
| 999 | |c 325384 |d 325382 | ||
| 952 | |0 0 |1 0 |4 0 |6 410_000000000000000_COS_1978 |7 0 |8 A |9 406139 |a FDOPOS |b FDOPOS |d 2019-11-22 |i 4272277 |o 410 COS 1978 |p 4272277 |r 2025-01-22 |w 2019-11-22 |y BK |k MLA | ||